000 00488nam a2200169 i 4500
001 bg
100 1 _aGOLEMBO, Z. B.
245 0 _aAlgorytmizacija i programmirovanie elektrotechniceskich zadač na elektronnych cifrovych mašinach /
_cZ. B. Golembo.
260 _aMoskva :
_b"Vyssaja Skola",
_c1974.
300 _as. 174, nlb. 1 :
_brys.
500 _a[Alf. ros.].
040 _cBPK
041 _apol
080 _a681.323
942 _cKS
008 s pl f |000 0 pol
999 _c26579
_d26579
856 _uhttp://koha.tu.koszalin.pl/cgi-bin/koha/opac-detail.pl?biblionumber=26579
_yKatalog online BPK